Metodická příprava odborníků pro zavádění komplexních systémů jakosti ve strojírenských podnicích

Na minha lista:
Detalhes bibliográficos
Formato: Livro
Idioma:tcheco
Publicado em: Praha Dům techniky ČSVTS 1979
Tags: Adicionar Tag
Sem tags, seja o primeiro a adicionar uma tag!

MARC

LEADER 00000nam a2200000 4500
001 0222103
005 20240822101700.2
041 0 |a cze 
044 |a CZ 
245 1 0 |a Metodická příprava odborníků pro zavádění komplexních systémů jakosti ve strojírenských podnicích 
264 1 |a Praha  |b Dům techniky ČSVTS  |c 1979 
300 |a 47 s.